Human Resource Management (Record no. 13191)

MARC details
000 -LEADER
fixed length control field 00374nam a22001577a 4500
003 - CONTROL NUMBER IDENTIFIER
control field OSt
008 - FIXED-LENGTH DATA ELEMENTS--GENERAL INFORMATION
fixed length control field 250401b |||||||| |||| 00| 0 eng d
020 ## - INTERNATIONAL STANDARD BOOK NUMBER
International Standard Book Number 9789354535055
082 ## - DEWEY DECIMAL CLASSIFICATION NUMBER
Classification number 658.3 SAH
100 ## - MAIN ENTRY--PERSONAL NAME
Personal name SANGHI,Seema
245 ## - TITLE STATEMENT
Title Human Resource Management
250 ## - EDITION STATEMENT
Edition statement 2nd Ed
260 ## - PUBLICATION, DISTRIBUTION, ETC. (IMPRINT)
Place of publication, distribution, etc New Delhi
Name of publisher, distributor, etc Vikas Publishing House
Date of publication, distribution, etc 2025
300 ## - PHYSICAL DESCRIPTION
Extent 465
942 ## - ADDED ENTRY ELEMENTS (KOHA)
Source of classification or shelving scheme Dewey Decimal Classification
Koha item type Text Books
Holdings
Withdrawn status Lost status Source of classification or shelving scheme Damaged status Not for loan Collection code Home library Current library Date acquired Source of acquisition Currency Cost, normal purchase price Bill Number Total Checkouts Full call number Acc. no. / Barcode Date last seen Actual Cost, discounted price Bill Date Koha item type
    Dewey Decimal Classification     MBA PIET C-LIBRARY PIET C-LIBRARY 28/03/2025 Zaffa Books INR 650.00 ZBD0591   658.3 SAH 38875 01/04/2025 448.50 28/03/2025 Reference Books
    Dewey Decimal Classification     MBA PIET C-LIBRARY PIET C-LIBRARY 28/03/2025 Zaffa Books INR 650.00 ZBD0591   658.3 SAH 38876 01/04/2025 448.50 28/03/2025 Text Books
    Dewey Decimal Classification     MBA PIET C-LIBRARY PIET C-LIBRARY 28/03/2025 Zaffa Books INR 650.00 ZBD0591   658.3 SAH 38877 01/04/2025 448.50 28/03/2025 Text Books
    Dewey Decimal Classification     MBA PIET C-LIBRARY PIET C-LIBRARY 28/03/2025 Zaffa Books INR 650.00 ZBD0591   658.3 SAH 38878 01/04/2025 448.50 28/03/2025 Text Books
    Dewey Decimal Classification     MBA PIET C-LIBRARY PIET C-LIBRARY 28/03/2025 Zaffa Books INR 650.00 ZBD0591   658.3 SAH 38879 01/04/2025 448.50 28/03/2025 Text Books

Design & Developed by: PIET Central Library
R70 Miles Stone Pattikalyana Samalkha Panipat 132102
mail ID :- [email protected], Phone No:- 0180-2569700 Ex.216